000 01409cab a2200349 4500
001 ABS55226
008 090401t1996 xxu||||| |||| 00| 0 eng d
035 _a(Sirsi) u14946
041 _aeng
100 _aHill, P.
245 _aAsia Pacific markets - a new perspective for foreign investors
260 _c1996
350 _a0
490 _aValuer and Land Economist
_v34(2) May 1996, 129-137(9)
520 _aThe Director of International Investments for Knight Frank in Singapore considers the strengths of the emerging property markets in Asia and the opportunities for investors prepared to properly plan and to develop relationships with Asian partners. Provides a summary of economic statistics, rental levels, property values and likely trends for each market - Singapore, Malaysia, Indonesia, Hong Kong and for the emerging markets in Vietnam, Thailand, China, South Korea, India. Concludes with advice for foreign investors.
650 _aASIA
650 _aCHINA
650 _aFOREIGN INVESTMENT
650 _aHONG KONG
650 _aINDIA
650 _aINDONESIA
650 _aMALAYSIA
650 _aPROPERTY MARKET
650 _aSINGAPORE
650 _aREPUBLIC OF KOREA
650 _aTHAILAND
650 _aVIETNAM
690 _aPROPERTY-COMMERCIAL PROPERTY-COMMERCIAL PROPERTY MARKET
690 _aOVERSEAS-REST OF THE WORLD
942 _n0
948 _c04/03/1997
999 _c9757
_d9757